Άλγεβρες τελεστών, κβαντική μηχανική : πρακτικά του 3ου θερινού σχολείου ανάλυσης, γεωμετρίας και μαθηματικής φυσικής, Αύγουστος 21-26 1995, Καρλόβασι, Σάμος
Saved in:
| Corporate Author: | |
|---|---|
| Other Authors: | , , |
| Format: | Book |
| Language: | Greek |
| Published: |
Θεσσαλονίκη :
Ζήτη,
1997.
|
| Subjects: | |
| Tags: |
Add Tag
No Tags, Be the first to tag this record!
|
MARC
| LEADER | 00000cam a2200000 i 4500 | ||
|---|---|---|---|
| 001 | 1/19506 | ||
| 008 | 010504s1997 gr | ||| |||| ||gre|| | ||
| 035 | |l 10066878 | ||
| 040 | |a GR-MyUA |b gre |e AACR2 | ||
| 041 | 0 | |a gre | |
| 082 | 0 | |a 515.7 |2 (22) | |
| 245 | 1 | 0 | |a Άλγεβρες τελεστών, κβαντική μηχανική : |b πρακτικά του 3ου θερινού σχολείου ανάλυσης, γεωμετρίας και μαθηματικής φυσικής, Αύγουστος 21-26 1995, Καρλόβασι, Σάμος / |c Μ.Ανούσης, Σ.Κωτσάκης, Ν.Χατζησαββας (επιμέλεια). |
| 260 | |a Θεσσαλονίκη : |b Ζήτη, |c 1997. | ||
| 300 | |a 282 σ. ; |c 24 εκ. | ||
| 504 | |a Περιέχει βιβλιογραφικές αναφορές. | ||
| 650 | 0 | 0 | |a Quantum theory |x Congresses. |
| 650 | 0 | 0 | |a Functional analysis |x Congresses. |
| 650 | 0 | 0 | |a Measure theory |x Congresses. |
| 650 | 0 | 0 | |a Operator theory |x Congresses. |
| 700 | 1 | |a Cotsakis, Spiros, |d 1963- |e edt | |
| 700 | 1 | |a Χατζησάββας, Νικόλαος, |d 1953- |e edt | |
| 700 | 1 | |a Ανούσης, Μιχάλης, |e edt | |
| 710 | 2 | |a Θερινό Σχολείο Ανάλυσης, Γεωμετρίας και Μαθηματικής Φυσικής. | |
| 852 | |a INST |b SAMOS |e 20010504 |h 515.7 ΑΛΓ |p 005300021301 |q 005300021301 |t BK |y 0 | ||
| 852 | |a INST |b SAMOS |e 20140211 |h 515.7 ΑΛΓ |p 005300036413 |q 005300036413 |t BK |y 0 | ||
| 901 | |a BIBL3-2014-1 | ||
| 901 | |a BIBL3-2001-2 | ||
| 909 | |a Σ |b 184551 | ||
| 909 | |a Σ |b 086229 | ||
| 970 | |a Πουρνάρας |b Δημήτρης |z 2001/05/04 | ||